000 00310 a2200109 4500
245 _ablood knot
_b : a play in seven scenes
_hprint
700 _aFugard, Athol.
650 _aAfrican Literature
005 20191017172603.0
260 _asa
_bSimondium
_c1963
084 _aPR6056.U4 B4
300 _a131 p. 20 cm.
_b131 p. 20 cm.
_c131 p. 20 cm.
999 _c9091
_d9091